| 000 | 01101nab a2200301 u 4500 | ||
|---|---|---|---|
| 001 | 02991 | ||
| 003 | HDC | ||
| 007 | cr bn --- | ||
| 008 | 201225p2012 xx n |0 eng | ||
| 040 | _aHDC | ||
| 100 |
_a Rarick, Charles _eauthor _91632 |
||
| 245 | 0 |
_aMARKETING TO MUSLIMS: _bTHE GROWING IMPORTANCE OF HALAL PRODUCTS _cby Charles Rarick, Gideon Falk, Casimir Barczyk & Lori Feldman |
|
| 260 |
_a[No place] : _b[publisher not identified], _c2012 |
||
| 300 | _a1 online resource (7pages) | ||
| 336 |
_atext _2rdacontent |
||
| 337 |
_acomputer _2rdamedia |
||
| 338 |
_aonline resource _2rdacarrier |
||
| 650 |
_aHalal product _948 |
||
| 650 |
_aHalal product _xReligious aspects _91141 |
||
| 650 |
_aMarketing _xMuslim _91633 |
||
| 700 |
_aBarczyk, Casimir _eauthor _91635 |
||
| 700 |
_aFalk, Gideon _eauthor _91634 |
||
| 700 |
_aFeldman, Lori _eauthor _91636 |
||
| 856 | _zRequest full-text at [email protected] | ||
| 942 | _2lcc | ||
| 942 | _cAR | ||
| 942 | _kJART 002115 | ||
| 999 |
_c377 _d377 |
||